El Anteproyecto de reforma tributaria integral

Guardado en:
Bibliografiske detaljer
Institution som forfatter: Costa Rica. Ministerio de Hacienda
Format: Texto
Udgivet: San José: Ministerio de Hacienda
Tags: Tilføj Tag
Ingen Tags, Vær først til at tagge denne postø!

MARC

LEADER 00000 a a2200000 04500
001 14971
003
040
090 |a 026200  
110 |a Costa Rica. Ministerio de Hacienda  
245 |a El Anteproyecto de reforma tributaria integral  
260 |a San José:   |b Ministerio de Hacienda  
300 |a 13 p.  
999 |c 16308  |d 16308